Online katalóg knižníc regiónu Turca

Dôkaz (Record no. 20720)

MARC details
000 -LEADER
fixed length control field 01806cam a2200493 a 4500
001 - CONTROL NUMBER
control field 20720
003 - CONTROL NUMBER IDENTIFIER
control field VRT
005 - DATE AND TIME OF LATEST TRANSACTION
control field 20260130142003.0
008 - FIXED-LENGTH DATA ELEMENTS--GENERAL INFORMATION
fixed length control field 240226s1999 xo gra 000 f slo
015 ## - NATIONAL BIBLIOGRAPHY NUMBER
National bibliography number SNBA1999/08-03043
020 ## - INTERNATIONAL STANDARD BOOK NUMBER
International Standard Book Number 9788022009379
Qualifying information (viazané)
035 ## - SYSTEM CONTROL NUMBER
System control number SNK000314233
035 ## - SYSTEM CONTROL NUMBER
System control number urn:nbn:sk:snk-amkja5
035 ## - SYSTEM CONTROL NUMBER
System control number urn:nbn:sk:snk-am008hu3
035 ## - SYSTEM CONTROL NUMBER
System control number 632D9EA2-3E64-4741-A58C-EA65C993ADC3
039 #9 - LEVEL OF BIBLIOGRAPHIC CONTROL AND CODING DETAIL [OBSOLETE]
Level of rules in bibliographic description 202406290813
Level of effort used to assign nonsubject heading access points csnk01
Level of effort used to assign subject headings 202402261742
Level of effort used to assign classification VLOAD
Level of effort used to assign subject headings 202208111310
Level of effort used to assign classification msvkbb03
Level of effort used to assign subject headings 202205120801
Level of effort used to assign classification VLOAD
040 ## - CATALOGING SOURCE
Original cataloging agency SNK
Language of cataloging slo
Transcribing agency SNK
Description conventions AACR2
041 1# - LANGUAGE CODE
Language code of text/sound track or separate title slo
Language code of original eng
044 ## - COUNTRY OF PUBLISHING/PRODUCING ENTITY CODE
MARC country code xo
ISO country code SK
072 #7 - SUBJECT CATEGORY CODE
Subject category code 821.111-3
Subject category code subdivision Anglická próza, anglicky písaná
Source konspekt
080 ## - UNIVERSAL DECIMAL CLASSIFICATION NUMBER
Universal Decimal Classification number 821.111-31
Edition identifier 2011
100 1# - MAIN ENTRY--PERSONAL NAME
Personal name Francis, Dick,
Dates associated with a name 1920-2010
Relationship aut
240 10 - UNIFORM TITLE
Uniform title Proof
Language of a work Slovensky
245 10 - TITLE STATEMENT
Title Dôkaz
Statement of responsibility, etc. Dick Francis ; z anglického originálu Proof ... preložil Dušan Janák
250 ## - EDITION STATEMENT
Edition statement 1. vyd.
260 ## - PUBLICATION, DISTRIBUTION, ETC.
Place of publication, distribution, etc. Bratislava
Name of publisher, distributor, etc. Slovenský spisovateľ
Date of publication, distribution, etc. 1999
300 ## - PHYSICAL DESCRIPTION
Extent 222 s.
Dimensions 21 cm
490 1# - SERIES STATEMENT
Series statement Zelená knižnica
655 #7 - INDEX TERM--GENRE/FORM
Genre/form data or focus term anglické romány
Source of term SNKPH
655 #7 - INDEX TERM--GENRE/FORM
Genre/form data or focus term detektívne romány
Source of term SNKPH
655 #7 - INDEX TERM--GENRE/FORM
Genre/form data or focus term English fiction
Source of term SNKPHeng
655 #7 - INDEX TERM--GENRE/FORM
Genre/form data or focus term Detective novels
Source of term SNKPHeng
700 1# - ADDED ENTRY--PERSONAL NAME
Personal name Janák, Dušan,
Dates associated with a name 1940-
Relationship trl
830 #0 - SERIES ADDED ENTRY--UNIFORM TITLE
Uniform title Zelená knižnica
942 ## - ADDED ENTRY ELEMENTS (KOHA)
Source of classification or shelving scheme Dewey Decimal Classification
Koha item type Krásna literatúra pre dospelých
Suppress in OPAC No
949 ## - LOCAL PROCESSING INFORMATION (OCLC)
6 2889749955
a savukPV 1582
949 ## - LOCAL PROCESSING INFORMATION (OCLC)
6 273K0104134
a svkpoA 174492
b svkpo434399
949 ## - LOCAL PROCESSING INFORMATION (OCLC)
6 270001000609909
a svkbbA 98940-a
b svkbbm 800916
949 ## - LOCAL PROCESSING INFORMATION (OCLC)
6 270001000011196
a svkbbA 98940
b svkbbm 624394
p 624.394
949 ## - LOCAL PROCESSING INFORMATION (OCLC)
6 17A0191149
9 P60, <03>, [BOOK], {603}
a snkSC 98416
b snkKSP 4338/99
s 6100:20140925
949 ## - LOCAL PROCESSING INFORMATION (OCLC)
6 17A0191988
9 P60, <05>, [BOOK], {605}
a snkSC 98416 D1
b snkKSP 4911/99
Holdings
Stav vyradenia Strata Poškodenie Spôsob nadobudnutia Domovská knižnica Aktuálna knižnica Dátum nadobudnutia Total checkouts Čiarový kód exemplára Date last seen Typ exemplára
      Dar Obecná knižnica Horná Štubňa Obecná knižnica Horná Štubňa 30.01.2026   9788022009379 30.01.2026 Krásna literatúra pre dospelých
Projekt je podporený Slovenskou asociáciou knižníc
Prevádzkuje Turčianska knižnica Martin 2026